Missing Word: Cold War A-Z Quiz Stats

Quiz Updated Oct 3, 2014

Challenge
Share
Tweet
Embed
Score 0/26 Timer 05:00
2 Plays Today
Hint Answer % Correct
____ Wall, 1961-89Berlin
97.8%
____ Missile Crisis, 1962Cuban
96.8%
____ CurtainIron
95%
____ StalinJoseph
94.5%
Soviet ____Union
94.5%
____ ThatcherMargaret
93.3%
Ronald ____Reagan
92.3%
____ CongViet
88.1%
____ PactWarsaw
84.2%
____ War, 1950-53Korean
81%
Mikhail ____Gorbachev
78.7%
Truman ____, introduced 1947Doctrine
73.1%
____ KhrushchevNikita
72.7%
Hint Answer % Correct
____ Conference, 1945Yalta
70.2%
Radio ____ EuropeFree
65.8%
Mao ____Zedong
65.6%
Kim Il-____Sung
56.3%
____ BrezhnevLeonid
55.5%
____ Revolution, 1956Hungarian
52.8%
Josip Broz ____Tito
40%
____ Spring, 1968Prague
38.8%
____ DubčekAlexander
28.9%
Deng ____Xiaoping
26.6%
____ Ajax, 1953Operation
26%
____ HoneckerErich
21.8%
Jiang ____Qing
18.7%

Today's Daily Dose

You're not logged in!

Compare scores with friends on all Sporcle quizzes.
Sign Up with Email
OR
Log In

You Might Also Like...

Show Comments

Extras

Top Quizzes Today


Score Distribution

Your Account Isn't Verified!

In order to create a playlist on Sporcle, you need to verify the email address you used during registration. Go to your Sporcle Settings to finish the process.